| 000 | 00495pab a2200169 454500 | ||
|---|---|---|---|
| 008 | 180718b1997 xxu||||| |||| 00| 0 eng d | ||
| 100 | _aIyyampillai, S. | ||
| 245 | _aNon-farm employment and income in rural Tamilnadu: an analysis of macro and micro level data | ||
| 260 | _c1997 | ||
| 300 | _ap.136-43 | ||
| 362 | _aJul-Dec | ||
| 650 | _aEmployment - India - Tamilnadu | ||
| 650 | _aEmployment | ||
| 700 | _aJayakumar, N. | ||
| 773 | _aPolitical Economy Journal of India | ||
| 909 | _a36789 | ||
| 999 |
_c36789 _d36789 |
||